| 000 | 01368nam a2200301 a 4500 | ||
|---|---|---|---|
| 001 | 000030824 | ||
| 003 | DO-SdBNP | ||
| 005 | 20240312151053.0 | ||
| 006 | a||||gr|||| 00| 0 | ||
| 007 | ta | ||
| 008 | 110531s1957 dr ac r 000 p spa d | ||
| 040 |
_aDO-SdBNP _bspa _cBNPHU _erda |
||
| 082 | 4 |
_a923.17293 _bT866s,1957 _222 |
|
| 100 | 1 |
_aSuarez Vásquez, R., _930540 _eautor |
|
| 245 | 1 | 0 |
_aAnécdotario épico del generalisimo Trujillo / _cR. Suarez Vásquez. |
| 250 | _a2a edición | ||
| 264 | 1 |
_aCiudad Trujillo, República Dominicana : _bSecretaría de Estado y Bella Artes, _c1957. |
|
| 300 |
_a100 páginas ; _bIlustraciones, retratos _c20 cm. |
||
| 336 |
_2rdacontent _atexto _btxt |
||
| 337 |
_2rdamedia _asin mediación _bn |
||
| 338 |
_2rdacarrier _avolumen _bnc |
||
| 490 |
_aBiblioteca de Cultura Dominicana ; _v3 |
||
| 505 |
_aLiminar. _tDedicatoria.-- _tPro Patria.-- _tTrujillo frente a una agresión.-- _tEl soldado del orden.-- _tCaptura del general Manchao.-- _tLa derrota del bendito Ramón Natera.-- _tTrujillo ante una emboscada.-- _tLa captura sensacional de Bon Abreu.-- _tTrujillo solo ante el peligro.-- _tLa patrulla que estuvo a punto de matarlo.-- _tA la Paz de Trujillo. |
||
| 590 | _aInventariado, 2023 / MF | ||
| 600 | 1 | 4 |
_aTrujillo Molina, Rafael Leónidas, _d1891-1961 _924080 |
| 910 | _aValidado. Control de calidad MFF | ||
| 942 |
_2ddc _cLBS1 |
||
| 999 |
_c30316 _d30316 |
||